| 000 | 00483nam a2200181Ia 4500 | ||
|---|---|---|---|
| 008 | 230917s9999||||xx |||||||||||||| ||und|| | ||
| 020 | _cRS695 | ||
| 040 |
_e220044 _aMAIN |
||
| 041 | _aEnglish | ||
| 082 | _a519.2 R18P(2) | ||
| 100 | _aRao, M M | ||
| 245 | 0 | _aProbability theory with applications | |
| 250 | _a2nd ed. | ||
| 260 |
_aNew Delhi _bSpringer India _c2010 |
||
| 300 | _axviii, 527 p. | ||
| 500 | _a1652 05/11/2014 RBP42373 19/11/2014 Mathematics (NBHM) | ||
| 942 | _cBK | ||
| 999 |
_c12284 _d12284 |
||